Library of the University of Algiers 3
Ibrahim Sultan Cheibout
شعار جامعة الجزائر 3
مكتبة جامعة الجزائر 3
إبراهيم سلطان شيبوط

مبادئ في العلاقات العامة / (رقم التسجيلة. 42946)

تفاصيل مارك
000 -LEADER
fixed length control field 01408nam a2200241Ia 4500
003 - CONTROL NUMBER IDENTIFIER
control field Ost
005 - DATE AND TIME OF LATEST TRANSACTION
control field 20260507075113.0
008 - FIXED-LENGTH DATA ELEMENTS--GENERAL INFORMATION
fixed length control field 260507s9999||||xx |||||||||||||| ||und||
020 ## - INTERNATIONAL STANDARD BOOK NUMBER
International Standard Book Number 99574021237
040 ## - CATALOGING SOURCE
Transcribing agency fsecg
041 ## - LANGUAGE CODE
Language code of text/sound track or separate title ara
082 ## - DEWEY DECIMAL CLASSIFICATION NUMBER
Classification number 600
100 ## - MAIN ENTRY--PERSONAL NAME
Personal name الشرمان، زياد محمد
Relator term مؤلف
245 #0 - TITLE STATEMENT
Title مبادئ في العلاقات العامة /
Statement of responsibility, etc. زياد محمد الشرمان
260 ## - PUBLICATION, DISTRIBUTION, ETC.
Place of publication, distribution, etc. بيروت:
Name of publisher, distributor, etc. دار صفاء للنشر,
Date of publication, distribution, etc. 2001
300 ## - PHYSICAL DESCRIPTION
Extent 199 صفحة؛
Dimensions 24 سم
504 ## - BIBLIOGRAPHY, ETC. NOTE
Bibliography, etc. note ببليوغرافيا:ص.191
520 ## - SUMMARY, ETC.
Summary, etc. مبادئ في العلاقات العامة،تنظيم إدارة العلاقات العامة،الوصف التوظيفي للعاملين في العلاقات العامة،الاتصالات الادارية،وسائل الاتصال،العلاقات العامة والجمهور الداخلي في المنظمة،العلاقات العامة والجمهور الخارجي للمنظمة،نشاطات العلاقات العامة،تصميم برنامج العلاقات العامة وتقييمه،الرأي العام،العلاقات العامة في القطاعين العام والخاص
653 ## - INDEX TERM--UNCONTROLLED
Uncontrolled term الاتصال الجماهيري
653 ## - INDEX TERM--UNCONTROLLED
Uncontrolled term العلاقات العامة
700 ## - ADDED ENTRY--PERSONAL NAME
Personal name عبد السلام، عبد الغفور عبد الله
Relator term مؤلف ثانوي
942 ## - ADDED ENTRY ELEMENTS (KOHA)
Koha item type كتب
المقتنيات
Withdrawn status Lost status Source of classification or shelving scheme Damaged status Not for loan Home library Current library Date acquired Serial enumeration / chronology Inventory number Total checkouts Full call number Barcode Date last seen Price effective from Koha item type
    Dewey Decimal Classification   NOT LOAN / إعارة داخلية مكتبة كلية العلوم الإقتصادية والعلوم التجارية وعلوم التسيير مكتبة كلية العلوم الإقتصادية والعلوم التجارية وعلوم التسيير 07/05/2026 الطابق الأرضي 1/1552   أ/1552ن1 1/1552 07/05/2026 07/05/2026 كتب

موارد الويب المفتوحة


© University of Algiers 3 All Rights Reserved
|
Implemented by LECHELAH Riad